[Event "USA Championship 2021"]
[Site "Saint Louis"]
[Date "2021.10.17"]
[Round "10.1"]
[White "Swiercz, Dariusz"]
[Black "Bruzon Batista, Lazaro"]
[Result "1-0"]
[WhiteElo "2647"]
[BlackElo "2645"]
[Annotator "TA"]
[PlyCount "83"]
[EventDate "2021.10.06"]
[EventCountry "USA"]
[SourceTitle "playchess.com"]
[Source "ChessBase"]
[SourceQuality "1"]

{[%evp 11,83,32,16,7,27,1,5,8,0,-27,17,15,39,39,43,45,43,48,59,59,61,46,54,52,68,54,98,94,146,71,98,66,89,86,129,129,162,162,206,206,222,222,224,224,224,206,197,181,181,181,362,234,234,231,243,225,257,251,286,286,389,355,388,327,331,318,309,282,232,147,416,412,2255,1933]} 1. d4 Nf6 2. c4 e6 3. Nf3 d5 4. Nc3 Be7 5. Bf4 O-O 6. e3 Nbd7 7. c5 {D37: Queen's Gambit Declined: 5 Bf4.} Ne4 8. h4 $5 {[%mdl 4] Exploring less charted territory.} f5 9. Be2 {The position is equal.} c6 10. Qc2 {[#]} Qe8 $146 ({Predecessor:} 10... b6 11. cxb6 axb6 12. Nxe4 fxe4 13. Ng5 Bb4+ 14. Kf1 e5 15. dxe5 Nc5 16. a3 h6 {1-0 (47) Nagy,G (2478)-Firouzja,A (2728) Chess.com INT 2020}) 11. Ne5 Bf6 12. Nxd7 Bxd7 13. f3 Nxc3 14. Qxc3 Rf7 15. Bd6 Qd8 16. h5 b6 17. f4 Be8 18. g4 Rd7 19. g5 Be7 {[#]} ({Better is} 19... bxc5 20. Bxc5 (20. gxf6 Rxd6 21. fxg7 cxd4 $14) 20... Be7) 20. Bxe7 (20. Be5 $142 $1) 20... Rxe7 21. Ba6 Rb8 22. b4 Rc7 23. h6 g6 24. Kf2 b5 25. a4 Qe7 26. Qd3 Bd7 27. Rhc1 Qe8 28. Ra3 Kf8 29. Qc2 Qe7 30. Qe2 Be8 $2 {[#]} (30... Qe8 31. axb5 cxb5) 31. Rc2 Bd7 32. Qf1 Be8 33. Qc1 Qd7 34. Rac3 Qe7 ({Don't play} 34... bxa4 $6 35. Qa3 $16) 35. Qa3 Qd8 36. axb5 cxb5 37. c6 Rb6 {[%cal Rc7c6]} 38. Bb7 Qb8 39. Qa5 Ke7 40. Rc5 Kf8 $2 {[%mdl 8192]} (40... Kd6 $16 {keeps fighting.} 41. Ra2 Bxc6 42. Bxc6 Rbxc6) 41. Rxb5 $18 Rcxb7 (41... Bxc6 $142 42. Rxb6 axb6 43. Qxb6 Qxb7 44. Qxb7 Rxb7) 42. cxb7 {Weighted Error Value: White=0.12/Black=0.32} 1-0

[Event "USA Championship 2021"]
[Site "Saint Louis"]
[Date "2021.10.17"]
[Round "10.2"]
[White "Sevian, Samuel"]
[Black "So, Wesley"]
[Result "1/2-1/2"]
[WhiteElo "2654"]
[BlackElo "2778"]
[Annotator "TA"]
[PlyCount "59"]
[EventDate "2021.10.06"]
[EventCountry "USA"]
[SourceTitle "playchess.com"]
[Source "ChessBase"]
[SourceQuality "1"]

{[%evp 9,59,0,6,8,8,8,14,8,8,3,1,7,25,15,27,21,21,19,17,9,62,64,66,63,80,72,110,56,55,37,43,44,43,56,113,7,15,27,20,0,89,83,84,81,84,0,0,0,101,0,0,0]} 1. d4 Nf6 2. Nf3 d5 3. Bf4 c5 4. e3 e6 5. c3 Bd6 6. Bb5+ {D02: 1 d4 d5 2 Nf3 sidelines, including 2...Nf6 3 g3 and 2...Nf6 3 Bf4.} Nc6 7. Bxc6+ $1 {[%mdl 4] outshines the older 7.Ne5.} bxc6 8. Bxd6 Qxd6 9. Qa4 O-O 10. Qa3 Ne4 11. Nfd2 {[#]} e5 $146 ({Predecessor:} 11... cxd4 12. Nxe4 Qxa3 13. Nxa3 dxe4 14. cxd4 Rb8 15. b3 c5 16. dxc5 Ba6 17. Rc1 Rfd8 {1-0 (46) Aronian,L (2781)-So,W (2770) chess24.com INT 2021}) 12. Nxe4 dxe4 13. Qxc5 Qg6 {[%cal Rg6g2]} 14. Nd2 exd4 (14... Qxg2 $11 15. O-O-O Qxf2) 15. Qxd4 $14 Re8 16. O-O-O Ba6 {[#]} 17. c4 $1 Qe6 18. Qc5 (18. b3 $16) 18... Rad8 19. b3 ({Of course not} 19. Qxa7 Bxc4 20. Nxc4 Qxc4+ 21. Kb1 Ra8 $17) 19... Bc8 $1 20. Nb1 Qf6 21. Qa5 h5 ({Black should try} 21... Bg4 $14 22. Rxd8 Rxd8) 22. Rd2 (22. Nc3 $16) 22... Rxd2 $11 23. Qxd2 Qg5 24. Rg1 Qe5 (24... Rd8 $11 {keeps the balance.} 25. Qe1 Rd3) 25. h3 $16 Qh2 26. Qd1 Qe5 27. Qd4 Qh2 28. Qd1 Qe5 29. Qd4 (29. Kc2 $16) 29... Qh2 $11 30. Qd1 {Weighted Error Value: White=0.19/Black=0.14} 1/2-1/2

[Event "USA Championship 2021"]
[Site "Saint Louis"]
[Date "2021.10.17"]
[Round "10.3"]
[White "Robson, Ray"]
[Black "Burke, John M"]
[Result "1/2-1/2"]
[WhiteElo "2669"]
[BlackElo "2554"]
[Annotator "TA"]
[PlyCount "107"]
[EventDate "2021.10.06"]
[EventCountry "USA"]
[SourceTitle "playchess.com"]
[Source "ChessBase"]
[SourceQuality "1"]

{[%evp 30,107,10,4,14,16,16,18,0,0,0,-44,-28,-40,-38,-29,-31,-39,-48,-54,-49,-31,-39,-37,-54,-45,-48,-38,-39,-41,-43,-42,-45,-37,-56,-55,-32,-53,-50,-55,-63,-43,-17,-27,-13,-17,-8,-8,-8,-8,-8,-8,0,-8,-8,-13,-13,-19,0,0,0,0,0,0,0,0,0,0,0,0,0,0,8,0,0,0,8,0,0,0]} 1. e4 e5 2. Nf3 Nc6 3. Bb5 a6 4. Ba4 Nf6 5. O-O Be7 6. d3 b5 7. Bb3 d6 8. c3 O-O 9. h3 Bb7 10. Nbd2 Na5 11. Bc2 c5 12. Re1 Re8 13. Nf1 h6 14. Ng3 Bf8 15. d4 cxd4 16. cxd4 exd4 {C92: Closed Ruy Lopez: 9...Be6, Karpov and Flohr-Zaitsev Variations.} 17. Nxd4 Qc7 18. Bf4 Nc4 19. Ndf5 Nxb2 {[#]} 20. Qc1 $146 ({Predecessor:} 20. Qd4 Qxc2 21. Rac1 Qa4 22. Qxb2 Bxe4 23. Nxh6+ Kh7 24. Nxf7 Bxg2 25. Bxd6 Bd5 26. Rxe8 Rxe8 27. Qb1+ Kg8 28. Nh6+ Kh8 29. Qg6 Bxd6 {½-½ (29) Priepke,W (2473)-Millstone,M (2441) ICCF email 2012}) 20... Nc4 21. Bxh6 gxh6 22. Nxh6+ Bxh6 23. Qxh6 Re6 $1 24. Nf5 {[%csl Gf5][%cal Rh6g7] [#]} Ne8 25. Qg5+ Kf8 $1 {White must now prevent ...Qd8.} 26. Qh4 {[%cal Rh4h8]} Rg6 27. Qh8+ Rg8 28. Qh6+ Ng7 29. Bb3 Re8 {[#] ...Re6 is the strong threat.} 30. Bxc4 bxc4 31. Qxd6+ Qxd6 32. Nxd6 Re7 33. Rab1 Bc6 34. Rb6 Bb5 35. a4 Bxa4 {Strongly threatening ...Bb5!} 36. Rxa6 Bb3 37. Rc6 {The position is equal.} Re6 {Threatens to win with ...Ne8.} 38. Rc8+ Ne8 39. Nxc4 Bxc4 40. Rxc4 Rg5 41. Re3 Nd6 42. Rd4 Rc5 43. g4 Rc4 44. Rxc4 Nxc4 $11 {[%mdl 4096] Endgame KRN-KR} 45. Re2 Nd6 46. f3 f5 47. e5 fxg4 48. hxg4 Nf7 49. f4 Rg6 50. Rg2 Re6 51. Re2 Rg6 52. Rg2 Re6 53. Re2 Rg6 54. Rg2 {Weighted Error Value: White=0.03/Black=0.03} 1/2-1/2

[Event "USA Championship 2021"]
[Site "Saint Louis"]
[Date "2021.10.17"]
[Round "10.4"]
[White "Lenderman, Aleksandr"]
[Black "Caruana, Fabiano"]
[Result "0-1"]
[WhiteElo "2607"]
[BlackElo "2800"]
[Annotator "TA"]
[PlyCount "118"]
[EventDate "2021.10.06"]
[EventCountry "USA"]
[SourceTitle "playchess.com"]
[Source "ChessBase"]
[SourceQuality "1"]

{[%evp 13,118,38,36,27,23,31,28,19,25,14,0,0,10,-12,4,-8,0,-33,-35,-29,-33,-27,-8,-27,0,-12,-3,-31,0,0,0,-23,0,0,0,0,0,-23,-16,-19,-26,-138,0,0,-3,0,0,0,72,81,63,76,81,85,63,0,139,46,46,55,58,55,94,0,0,-64,0,-48,-45,-183,-184,-289,-199,-357,-136,-370,-329,-487,-487,-662,-647,-624,-594,-617,-603,-937,-468,-1243,-1171,-1079,-466,-29980,-29981,-29989,-29979,-29981,-29982,-29982,-2703,-29983,-29984,-29983,-29984,-29984,-29985,-29985,-29985]} 1. d4 Nf6 2. c4 g6 3. g3 Bg7 4. Bg2 d6 5. Nc3 O-O 6. Nf3 c6 7. O-O Bf5 8. Ng5 {8.Ne1 is setting a new trend. E62: King's Indian: Fianchetto: 6...c6 and Panno Variation (6...Nc6) without ...a6.} e5 9. d5 a5 10. e4 {[#] White has an edge.} Bc8 $5 $146 {[%mdl 8] New and interesting.} ({Predecessor:} 10... Bg4 11. Qb3 Na6 12. Be3 Qc8 13. Rac1 h6 14. Nf3 Bh3 15. Bb6 Bxg2 16. Kxg2 Nd7 {0-1 (72) Jumabayev,R (2637)-Perez Ponsa,F (2554) Chess.com INT 2021}) 11. h3 cxd5 12. cxd5 Na6 13. Be3 Bd7 14. a4 Rc8 15. Nf3 {[#]} Rxc3 $1 {[%mdl 64] Remove Defender} 16. bxc3 Nxe4 17. Qc2 Nec5 18. Nd2 Qc7 19. Ra3 f5 20. f4 Re8 21. fxe5 Bxe5 22. Bf2 b5 23. axb5 Bxb5 24. Rfa1 Nd3 25. Qb1 {[#]} Nab4 $1 {[%mdl 64] Pin} 26. Rxa5 Qxc3 27. Be3 (27. Nf3 $11 {was the only way to keep the balance.}) 27... Bd4 28. Bxd4 $11 Qxd4+ {[%mdl 64] Double Attack} (28... Re1+ $6 29. Kh2 $16) 29. Kh2 f4 30. g4 (30. Rxb5 fxg3+ 31. Kh1 Nf2+ 32. Kg1 Nd1+ 33. Kh1 Re1+ 34. Bf1 g2+ 35. Kxg2 Qxd2+ 36. Be2 Qxe2+ 37. Kg3 Rg1+ 38. Kh4 Qh5#) 30... Re2 31. Ra8+ $1 $16 Be8 {[#]} 32. Qg1 Qb2 33. Nf3 Kf8 ({Of course not} 33... Nxd5 34. Qf1 $16) 34. R1a7 (34. Rd1 $14) 34... h6 {[#]} (34... Nc2 $11 35. Ra2 (35. Rxh7 $2 Nce1 $19) (35. Ng5 f3 $11 {[%mdl 64] Pin}) 35... Qc3) 35. Rb7 (35. g5 $1 $16 {[%cal Rg5h6]} hxg5 36. Nxg5) 35... Ne5 $1 $14 {( -> ...Rxg2+!)} 36. Kh1 Nxf3 37. Bxf3 Re5 {[#]} 38. Rc8 ({White should try} 38. Qa1 $1 $16 Qxa1+ 39. Rxa1) 38... Qd2 $11 {Threatens to win with ...Re1.} 39. Rc1 (39. Qg2 $1 $11 Qe1+ 40. Kh2) 39... Re3 $40 {[%mdl 128] Black mounts an attack.} (39... Nd3 $1 $15 40. Rf1 Re3) 40. Rf1 Nd3 {[%mdl 1024] Strongly threatening ...Nc5. Black has compensation.} 41. Qg2 (41. Rb3 $15) 41... Qc3 $19 {...Ne5 is the strong threat.} 42. Qh2 (42. g5 {was the only defense.} Ne1 43. Qg4) 42... g5 43. Bg2 $2 (43. h4 {only move.} Rxf3 44. Rxf3 Qe1+ {[%mdl 64] Double Attack} 45. Qg1) 43... Ne5 $2 (43... Kg8 $19 {is more deadly. Hoping for ...Ne1.} 44. Rf3 Re1+ 45. Bf1 Bf7) 44. Rbb1 $2 {This move loses the game for White.} (44. h4 $17 Nxg4 45. Rxf4+ gxf4 46. Qxf4+ Qf6 47. Qxg4) 44... Bf7 {aiming for ...f3.} 45. Rbc1 (45. Rxf4 $142 gxf4 46. Qxf4) 45... Qd4 46. Rcd1 Nd3 47. Rd2 Kg7 48. h4 Qc4 49. Rfd1 Ne5 (49... f3 $142 50. Bxf3 Rxf3 51. Rxd3 Rxd3 52. Rxd3 Qxd3 53. Qb2+ Kh7) 50. hxg5 (50. Rd4 $142 Qc3 51. hxg5 hxg5 52. Rxf4 gxf4 53. Qxf4) 50... hxg5 51. Rd4 Qc3 (51... Qb3 $142 52. Bf1 Nxg4) 52. Qg1 (52. Rxf4 $19 gxf4 53. Qxf4) 52... Nxg4 53. R1d2 Qc8 54. Qa1 Qh8+ 55. Kg1 Qh2+ 56. Kf1 {[#]} Rf3+ $1 {[%mdl 576] Clearance. Black mates.} 57. Bxf3 Ne3+ 58. Ke1 Qg1+ 59. Ke2 Qxa1 {Weighted Error Value: White=0.59/Black=0.35} 0-1

[Event "USA Championship 2021"]
[Site "Saint Louis"]
[Date "2021.10.17"]
[Round "10.5"]
[White "Xiong, Jeffery"]
[Black "Dominguez Perez, Leinier"]
[Result "1/2-1/2"]
[WhiteElo "2700"]
[BlackElo "2760"]
[Annotator "TA"]
[PlyCount "68"]
[EventDate "2021.10.06"]
[EventCountry "USA"]
[SourceTitle "playchess.com"]
[Source "ChessBase"]
[SourceQuality "1"]

{[%evp 16,68,21,16,22,12,12,11,11,6,14,5,19,7,15,18,37,7,29,16,11,2,16,23,25,10,0,9,25,0,0,0,0,0,0,0,0,0,0,0,0,0,0,0,0,0,0,0,0,0,0,0,0,0,0]} 1. d4 d5 2. c4 dxc4 3. Nf3 Nf6 4. e3 e6 5. Bxc4 a6 6. O-O c5 7. b3 cxd4 8. Nxd4 Be7 9. Bb2 O-O {D27: Queen's Gambit Accepted: Classical main line: 7 e4!? and 7 a4.} 10. Nd2 b5 11. Be2 Bb7 12. Rc1 Qd7 13. N2f3 Bd6 14. a4 bxa4 15. bxa4 Rd8 {[#]} 16. a5 $146 ({Predecessor:} 16. Nd2 Nc6 17. Nc4 Bc7 18. Qb3 Rab8 19. Rfd1 Nxd4 20. Rxd4 Bd5 21. Qa3 Ne4 22. f3 {½-½ (44) Kienel,N (2156)-Mager,F (2221) ICCF email 2017}) 16... Qe8 17. Qb3 Bd5 18. Bc4 Nc6 19. Nxc6 Bxc6 20. Bxf6 gxf6 21. Nd4 {[%cal Rc4e6]} Be4 22. Qb2 Be5 {The position is equal.} 23. Qe2 Bxd4 24. exd4 Rxd4 25. Qg4+ Kf8 26. Rfe1 Qa4 27. Bxe6 $1 ({Avoid the trap} 27. Rxe4 $2 {[#]} f5 $1 $19 {[%mdl 512]}) 27... Bd5 28. Qf5 {[%mdl 64] [#] Double Attack} Bxe6 ({Not} 28... fxe6 29. Qxf6+ Ke8 30. Rc7 Qd7 31. Qh8+ Kf7 32. Rxd7+ Kg6 33. Qg7+ Kh5 34. Re5+ Kh4 35. Qg5#) 29. Qxf6 Kg8 {Hoping for ...Rg4.} 30. Qg5+ Kf8 31. Qh6+ Kg8 {White must now prevent ...Bf5.} 32. Qg5+ Kf8 {Strongly threatening ...Rg4.} 33. Qh6+ Kg8 {Threatens to win with ...Rg4.} 34. Qg5+ Kf8 {A rather calm draw.  Weighted Error Value: White=0.04/Black=0.01} 1/2-1/2

[Event "USA Championship 2021"]
[Site "Saint Louis"]
[Date "2021.10.17"]
[Round "10.6"]
[White "Shankland, Sam"]
[Black "Naroditsky, Daniel"]
[Result "1-0"]
[WhiteElo "2714"]
[BlackElo "2623"]
[Annotator "TA"]
[PlyCount "115"]
[EventDate "2021.10.06"]
[EventCountry "USA"]
[SourceTitle "playchess.com"]
[Source "ChessBase"]
[SourceQuality "1"]

{[%evp 22,115,29,0,4,8,11,17,16,12,19,13,21,0,0,0,0,0,0,0,27,14,15,25,27,15,15,11,14,14,13,14,23,10,20,19,29,18,22,23,28,28,30,23,23,22,20,20,19,18,20,23,40,33,57,32,43,39,42,17,46,50,101,86,147,144,132,127,168,143,188,191,191,191,189,180,188,177,181,189,733,726,693,673,11089,12848,6540,7255,29944,1577,29961,29961,12849,29955,6491,6097]} 1. d4 Nf6 2. c4 e6 3. Nc3 Bb4 4. Nf3 b6 5. e3 Bb7 6. Bd3 c5 7. O-O cxd4 8. exd4 O-O 9. Na4 Be7 10. a3 d6 11. b4 Nbd7 12. Bb2 Rc8 {E43: Nimzo-Indian: Rubinstein: 4...b6.} 13. Re1 Re8 14. Nc3 Bf8 {The position is equal.} 15. Bf1 a6 {[#]} 16. Nd2 $146 ({Predecessor:} 16. Rc1 g6 17. Nd2 Bg7 18. Nb3 Qc7 19. a4 Qb8 20. Ba3 d5 21. c5 e5 22. cxb6 exd4 23. Rxe8+ Nxe8 24. Nxd4 Nxb6 {½-½ (30) Fahnenschmidt,G (2360)-Hecht,H (2475) Germany 1981}) 16... Rc7 17. a4 d5 18. c5 bxc5 19. bxc5 e5 20. dxe5 Nxe5 {[#] And now ...Nfg4 would win.} (20... Rxe5 {feels hotter.} 21. Rxe5 Nxe5 22. Nb5 Neg4 23. Nxc7 Bxc5 24. Ne4 Nxe4 25. Qxg4 g6) 21. Nb5 $1 axb5 22. Bxe5 Rce7 23. Bxf6 {[%mdl 64] Discovered Attack} Rxe1 24. Bxd8 Rxd1 25. Rxd1 Rxd8 26. Bxb5 Bxc5 27. Nb3 Ba7 28. Na5 Ba8 29. Nc6 Bxc6 30. Bxc6 $11 {[%mdl 4096] Endgame KRB-KRB} d4 31. Bb5 Rc8 32. Bd3 Kf8 33. a5 (33. Bxh7 $2 g6 $19) 33... Rc3 34. Kf1 ({But not} 34. Bxh7 $2 g6 $19) 34... Ke7 35. a6 ({Of course not} 35. Bxh7 g6 $15) 35... Kd6 36. Ke2 Rb3 37. Rd2 g6 38. h4 Rb4 39. h5 gxh5 40. Bxh7 Rb8 41. Bd3 h4 {White now steadily converts the win.} ({Black should try} 41... Rb4 $14) 42. Kf3 $16 Rh8 (42... Rg8 $142) 43. Kg4 $1 Rg8+ {[#]} 44. Kh3 $1 f6 45. Rb2 Rg7 46. Rb5 Rc7 {[#] Threatens to win with ...Rc3.} 47. Rf5 $1 ({Much less strong is} 47. Kxh4 $6 Rc3 $16) 47... Ke6 48. Kxh4 Rc3 49. Rf3 Kf7 50. Kg4 Rc5 $2 (50... Bb8 51. Kf5 Rc5+ 52. Ke4 Ke6 53. Kxd4 Rg5) 51. Rh3 $18 Rg5+ 52. Kf3 Rg7 53. Rh7 Rxh7 54. Bxh7 Ke6 55. Bd3 f5 56. Kg3 Kf6 57. f4 Bb8 58. Kf3 {Weighted Error Value: White=0.04/Black=0.41} 1-0

[Event "USA Championship 2021"]
[Site "Saint Louis"]
[Date "2021.10.18"]
[Round "11.1"]
[White "Bruzon Batista, Lazaro"]
[Black "Lenderman, Aleksandr"]
[Result "1/2-1/2"]
[WhiteElo "2645"]
[BlackElo "2607"]
[Annotator "TA"]
[PlyCount "253"]
[EventDate "2021.10.06"]
[EventCountry "USA"]
[SourceTitle "playchess.com"]
[Source "ChessBase"]
[SourceQuality "1"]

{[%evp 9,253,22,35,42,51,50,38,39,50,42,47,39,56,8,11,6,15,4,6,7,17,0,8,0,0,0,0,0,8,0,0,0,1,0,0,0,0,0,0,0,0,0,0,0,0,0,8,0,10,4,12,8,12,14,16,14,24,0,0,0,0,0,0,0,15,12,23,23,44,42,51,34,45,8,16,10,37,34,39,16,14,0,36,41,40,8,123,31,32,8,8,8,87,87,87,87,88,87,87,0,0,0,0,0,0,0,0,0,0,0,0,0,0,0,22,0,18,0,0,0,0,0,0,0,0,0,0,0,108,86,108,108,120,120,120,120,120,120,120,120,120,0,0,0,0,0,0,0,0,0,0,0,0,0,0,0,0,0,0,0,0,0,0,0,0,0,0,0,0,0,0,0,0,0,0,0,0,0,0,0,0,0,0,0,0,0,0,0,0,0,0,0,0,0,0,0,0,0,0,0,0,0,0,0,0,0,0,0,0,0,0,0,0,0,0,0,0,0,0,0,0,0,0,0,0,0,0,0,0,0,0,0,0,0,0,0,0,0,0,0,0,0,0,0,0,0]} 1. Nf3 Nf6 2. g3 b5 3. e3 a6 4. b3 Bb7 5. c4 bxc4 6. bxc4 {A05: Réti Opening: 1 Nf3 Nf6.} g6 7. Nc3 Bg7 8. Rb1 {White is slightly better.} Ra7 9. Bg2 O-O 10. O-O c5 {[#]} 11. Bb2 $146 ({Predecessor:} 11. d3 d6 12. Bd2 Nbd7 13. Qc2 Bc6 {½-½ (13) Badea,B (2530)-Vasiesiu,D (2440) Targoviste 2001}) 11... d6 12. Ba1 Nbd7 13. d3 Qc7 14. Qc2 Rb8 15. Rb3 Bc6 16. Rfb1 Rab7 17. h3 Rxb3 18. Rxb3 Rb6 19. Rxb6 Nxb6 20. Nb1 Qb7 21. Nbd2 Nbd7 22. Qb3 Qa8 23. Bc3 Ne8 24. Bxg7 Nxg7 25. Ne1 Bxg2 26. Nxg2 Ne6 27. f4 Nf6 28. Ne1 Ng7 29. Nef3 Qc8 30. Kg2 Nf5 31. Nf1 Nd7 32. Qb2 Ng7 33. e4 (33. N1d2 {feels hotter.} f5 34. e4 Qb8 35. Qa3 Qb7 36. Qb3) 33... Qb8 34. Qxb8+ Nxb8 $11 {[%mdl 4096] Endgame KNN-KNN} 35. Ne3 Nc6 36. Nd5 Ne8 37. Kf2 Kf8 38. Ke3 Na5 39. e5 Nc6 40. a3 f6 41. exd6 exd6 42. g4 Kf7 43. Ke4 Ne7 {Threatening ...f5+.} 44. Nxe7 Kxe7 $14 {KN-KN} 45. d4 Nc7 46. dxc5 dxc5 47. f5 Kd6 (47... gxf5+ $11 48. Kxf5 Ne8) 48. h4 (48. g5 $16) 48... Ne8 49. g5 fxg5 50. hxg5 Ng7 (50... gxf5+ $11 {remains equal.} 51. Kxf5 a5) 51. Nh4 $1 $16 Nxf5 52. Nxf5+ gxf5+ 53. Kxf5 {K3P-K3P} Ke7 {[#]} 54. Ke5 (54. a4 $1 $16) 54... Kf7 $1 $11 55. Kd5 Kg6 56. Kxc5 Kxg5 {KPP-KPP} 57. Kb6 h5 58. c5 h4 59. c6 h3 60. c7 h2 61. c8=Q h1=Q {KQ-KQ} 62. Qc5+ Kf4 63. a4 Qa8 ({Inferior is} 63... Qh6+ 64. Kb7 $18) 64. Qd6+ Ke4 65. a5 Kf5 66. Qe7 Qc8 67. Qb7 (67. Qf7+ {feels hotter.} Ke4 68. Qf6 Kd3 69. Qf1+ Kd4 70. Qxa6 Qd8+ 71. Kb5) 67... Qe6+ 68. Ka7 Qd6 {[#]} (68... Qc4 $11) 69. Qb6 $1 $16 {[%cal Rb6d6]} Qa3 70. Kxa6 ({Don't play} 70. Qxa6 $6 Qe7+ 71. Qb7 Qe3+ 72. Ka6 Qd4 $18) 70... Kg4 71. Qd4+ Kh3 72. Kb5 Qb3+ 73. Qb4 Qd5+ 74. Ka4 Kh2 75. a6 ({White should play} 75. Qf4+ $16 Kh3 76. Qe3+ Kh2 77. Qh6+ Kg3 78. Qg7+ Kf4 79. Qf8+ Kg5 80. Qe7+ Kf5 81. a6 Qd1+ 82. Kb5 Qd3+ 83. Kb6 Qb3+ 84. Ka7) 75... Qa2+ {The position is equal.} (75... Qd1+ {seems wilder.} 76. Ka5 Qa1+ 77. Kb5 Qf1+ 78. Kb6 Qf6+) 76. Kb5 Qd5+ 77. Qc5 Qb3+ 78. Kc6 Qa4+ 79. Kb7 (79. Kd5 {feels hotter.} Qxa6 80. Qf2+ Kh1 81. Qf3+ Kg1 82. Qg3+) 79... Qb3+ 80. Qb6 (80. Kc6 {is more complex.}) 80... Qd5+ 81. Qc6 (81. Ka7 {seems wilder.} Kg3 82. Kb8 Qg8+ 83. Kc7 Qf7+ 84. Kb8) 81... Qb3+ 82. Kc8 (82. Ka7 {keeps more tension.} Qh3 83. Kb8 Qb3+ 84. Kc8 Qh3+ 85. Kb8) 82... Qg8+ 83. Kc7 Qf7+ (83... Qg7+ {looks sharper.} 84. Kb8 Qf8+ 85. Ka7 Qf2+ 86. Kb8 Qf8+) 84. Qd7 (84. Kb6 {with more complications.} Qf2+ 85. Kb7 Qb2+ 86. Qb6 Qg2+ 87. Qc6) 84... Qc4+ 85. Qc6 (85. Kb6 {is more complex.} Qb3+ 86. Kc5 Qa3+ 87. Kb5 Qb2+ 88. Ka5) 85... Qf7+ 86. Kd6 Qf6+ 87. Kd5 Qf3+ (87... Qf7+ {seems wilder.} 88. Kd6) 88. Kc5 Qe3+ (88... Qa3+ {with more complications.} 89. Kb6 Qb3+ 90. Ka5 Qa3+ 91. Kb5 Qb2+) 89. Kd6 Qf4+ (89... Kg3 {with more complications.} 90. Kc7 Qa7+ 91. Kd8 Kf2 92. Qe4 Qxa6 93. Qh4+ Kf1) 90. Ke6 (90. Kc5 {keeps more tension.} Qe3+) 90... Qh6+ 91. Kd7 Qg7+ 92. Kd6 Qf6+ (92... Qd4+ {is interesting.} 93. Kc7 Qg7+ 94. Kb8 Qf8+ 95. Ka7 Qh8) 93. Kc7 (93. Kc5 {keeps more tension.} Qf5+ 94. Kb4 Qf4+ 95. Kb3 Qe3+ 96. Kb4) 93... Qe7+ (93... Qf7+ {with more complications.}) 94. Kc8 (94. Kb8 {seems wilder.} Qb4+ 95. Qb7 Qf8+ 96. Qc8 Qb4+ 97. Ka8) 94... Qf8+ 95. Kb7 Qb4+ 96. Qb6 (96. Ka7 {is interesting.} Kg3 97. Ka8 Kf2 98. Qc2+ Kg1 99. Qg6+) 96... Qe4+ 97. Ka7 Kh3 98. Qd6 Qe3+ (98... Qb1 {looks sharper.} 99. Qb8 Qg1+ 100. Kb7 Qg2+ 101. Kc8 Qc2+) 99. Kb7 Qb3+ (99... Qe4+ {keeps more tension.} 100. Kb6 Qe3+ 101. Ka5 Kg2 102. Qc6+ Kf1) 100. Kc7 (100. Kc6 {is interesting.} Qa4+ 101. Kc7 Qc4+ 102. Kb7 Qb3+) 100... Qc4+ (100... Qa2 {seems wilder.} 101. Qd7+ Kh2 102. Kd8 Qxa6 103. Qh7+ Kg2) 101. Qc6 (101. Kb6 {with more complications.} Qe4 102. Qd7+ Kh2 103. Qc7+ Kh3 104. Qc3+) 101... Qf4+ 102. Qd6 (102. Kb6 {is more complex.} Qf2+ 103. Kb7 Qf7+ 104. Ka8 Qf8+ 105. Kb7) 102... Qc4+ 103. Kb6 Qb3+ 104. Ka5 {Qd4 is the strong threat.} Qa2+ 105. Kb4 {And now Qd7+ would win.} Qb2+ 106. Kc4 (106. Kc5 {seems wilder.} Qc1+ 107. Kb6 Qb1+ 108. Ka5 Qa2+) 106... Qc2+ (106... Qa2+ {seems wilder.} 107. Kb5 Qb3+ 108. Qb4 Qd3+ 109. Qc4 Qb1+) 107. Kd4 Qd2+ (107... Kg2 {with more complications.} 108. Qh6 Qd1+ 109. Kc4 Qc2+ 110. Kb4 Qb2+) 108. Ke5 Qg5+ (108... Qe1+ {seems wilder.} 109. Kd5 Qd1+ 110. Ke5 Qe2+ 111. Kf6 Qf3+) 109. Ke4 {Threatens to win with Qd3+.} Qg2+ 110. Kf5 {Threatening mate with Qh6+.} (110. Kd3 {with more complications.} Qf1+ 111. Kc2 Qf2+ 112. Kb3 Qf3+ 113. Ka2) 110... Qg4+ (110... Qf1+ {feels hotter.} 111. Qf4 Qb5+ 112. Kf6 Qxa6+ 113. Kg5 Qb5+) 111. Kf6 {White threatens Qe6 and mate.} Qh4+ (111... Qf3+ {seems wilder.} 112. Ke7 Kg2 113. Qg6+ Kh3 114. Qh7+ Kg2) 112. Kg6 Qe4+ 113. Kg7 {Qh6+ would kill now.} (113. Kg5 {is interesting.} Qg4+ 114. Kf6) 113... Qg4+ $1 114. Qg6 (114. Kf6 {is more complex.}) 114... Qd7+ (114... Qd4+ {with more complications.} 115. Kf7 Qa7+ 116. Kf8 Qf2+ 117. Kg7 Qa7+) 115. Qf7 (115. Kf6 {looks sharper.} Qd8+ 116. Kg7 Qd4+ 117. Kf7 Qa7+ 118. Kf8) 115... Qd4+ 116. Qf6 (116. Kg6 {is more complex.} Qd6+ 117. Kg5 Qxa6 118. Qf5+ Kh2 119. Qe5+) 116... Qa7+ 117. Kg6 {Strongly threatening Qc3+.} Qg1+ 118. Kf7 {White wants to mate with Qh6+.} (118. Kf5 {keeps more tension.} Qc5+ 119. Kg6 Qg1+) 118... Qa7+ 119. Kf8 {Intending Qh8+ and mate.} Qb8+ 120. Ke7 Qa7+ 121. Kd8 Qb8+ 122. Kd7 {aiming for Qe6+.} Qa7+ 123. Kc8 Qa8+ 124. Kd7 Qa7+ 125. Ke8 {Hoping for Qe6+.} Qa8+ 126. Kf7 {Black must now prevent Qc3+.} Qa7+ 127. Kg8 {Weighted Error Value: White=0.11/Black=0.12} 1/2-1/2